000 01012nam a2200325 i 4500
003 EG-GICUC
005 20260322003640.0
008 260322s1982 us ||||fr|||| 00| 0 eng d
020 _a0313233969
040 _aEG-GiCUC
_beng
_cEG-GiCUC
_dEG-GiCUC
_eRda
041 _aeng
082 0 4 _221
_a341.48
_bVA . I
092 0 4 _221
099 _aLaw1 11 341.48 VA . I 1982
100 1 _a Vasak, Karel
_eeditor.
245 1 4 _aThe International Dimensions of Human Rights ,
_n Volume 1/
_cKarel Vasak .
_b
264 3 _aunesco :
_bGreenwood press westport,
_c1982 .
300 _a399 page ;
_c 24 cm.
_billustrations,
336 _2rda contenu
_a texte
337 _2rda medias
_aOrdinateur
338 _2 transporteur rda
_a Ressource en ligne
504 _a
546 _aText in English
650 1 4 _aPublic international law
_2
651 1 _2
700 1 _a Alston, Philip
_eContributor
856 4 0 _uhttps://fll.law.cu.edu.eg/fulltext/bks/B11-09174.pdf
905 _a60
942 _2ddc
_cBK
_e21
_n0
999 _c66485
_d66485